000 00815nam a2200277 c 4500
003 BLK
005 20180413120931.0
008 180413b bul|||||r ||||||| ||bul||
010 _aKNG00029494000
020 _a954-8811-16-2
_bиздат.: Офир
040 _aBLK
041 _aBUL
_cBUL
080 _aАмериканска литература (на САЩ)
_b821.111(73)
_x-312.9
_z821.111(73)-312.9
139 _aСлен
_bС 44
245 1 0 _aСлен
_bРоман
257 _aUSA
260 Бургас
_bОфир
_c1999
300 _a240 с.
_c20 см
380 _aX
490 1 _aБиблиотека Фантастика
_v36
852 _aЦб 202701
856 4 _qpdf
_u
856 4 _qpdf
_u
942 _cKNG
_n0
944 _aCR
_c15.01.2003
_kAB_DOS
944 _aED
_c17.02.2017
_kИвелин_Попов
999 _c26933
_d26933